UM Logo

Asia & the world (Record no. 14953)

MARC details
000 -LEADER
fixed length control field 00463nam a22001577a 4500
008 - FIXED-LENGTH DATA ELEMENTS--GENERAL INFORMATION
fixed length control field 200203b ||||| |||| 00| 0 eng d
020 ## - INTERNATIONAL STANDARD BOOK NUMBER
International Standard Book Number 978-1-198462-491-8
082 ## - DEWEY DECIMAL CLASSIFICATION NUMBER
Edition number 2019
Classification number DC 950
Item number As41
245 ## - TITLE STATEMENT
Title Asia & the world
260 ## - PUBLICATION, DISTRIBUTION, ETC. (IMPRINT)
Place of publication, distribution, etc. New York:
Name of publisher, distributor, etc. 3G E-Learning;
Date of publication, distribution, etc. ©2019.
300 ## - PHYSICAL DESCRIPTION
Extent x, 217 pages.
Other physical details illustration;
Dimensions 30 cm.
500 ## - GENERAL NOTE
General note Includes references and index.
650 ## - SUBJECT ADDED ENTRY--TOPICAL TERM
Topical term or geographic name as entry element Asia -- Juvenile literature.
9 (RLIN) 42919
365 ## - TRADE PRICE
Price amount 3,475.00
942 ## - ADDED ENTRY ELEMENTS (KOHA)
Source of classification or shelving scheme Dewey Decimal Classification
Koha item type Circulation
Holdings
Withdrawn status Lost status Source of classification or shelving scheme Damaged status Not for loan Collection code Home library Current library Shelving location Date acquired Source of acquisition Cost, normal purchase price Total Checkouts Full call number Barcode Date last seen Date last checked out Copy number Price effective from Koha item type
    Dewey Decimal Classification     Circulation UM Digos College - LIC UM Digos College - LIC Book Cart 08/08/2019 Purchased 3475.00 1 DC 950 As41 2019 25565 05/15/2025 11/03/2023 1 02/03/2020 Circulation